000 00312nam a22001217a 4500
003 SGT
082 _a891.4309
_bK10S
100 _aशर्मा, नाथूराम
245 _aकर्म यज्ञ है
260 _b विपुल प्रकाशन
_c2010
300 _a72
942 _2ddc
_cBK
999 _c31274
_d31274